Representation theory : (Record no. 29411)

000 -LEADER
fixed length control field 00724 a2200205 4500
020 ## - INTERNATIONAL STANDARD BOOK NUMBER
International Standard Book Number 0387974954
020 ## - INTERNATIONAL STANDARD BOOK NUMBER
International Standard Book Number 9780387974958
082 04 - DEWEY DECIMAL CLASSIFICATION NUMBER
Classification number 512.2
090 ## - LOCALLY ASSIGNED LC-TYPE CALL NUMBER (OCLC); LOCAL CALL NUMBER (RLIN)
-- 785
-- 785
100 1# - MAIN ENTRY--PERSONAL NAME
Personal name Fulton, William.
245 10 - TITLE STATEMENT
Title Representation theory :
Remainder of title a first course /
Statement of responsibility, etc. William Fulton, Joe Harris.
250 ## - EDITION STATEMENT
Edition statement Corrected.
260 ## - PUBLICATION, DISTRIBUTION, ETC.
Place of publication, distribution, etc. [S.l.] :
Name of publisher, distributor, etc. Springer,
Date of publication, distribution, etc. 1991.
300 ## - PHYSICAL DESCRIPTION
Extent 566 p. ;
Dimensions 24 cm.
490 1# - SERIES STATEMENT
Series statement Graduate texts in mathematics / readings in mathematics.
700 1# - ADDED ENTRY--PERSONAL NAME
Personal name Harris, Joe.
830 #0 - SERIES ADDED ENTRY--UNIFORM TITLE
Uniform title Graduate texts in mathematics / readings in mathematics.
942 ## - ADDED ENTRY ELEMENTS (KOHA)
Institution code [OBSOLETE] SNS
Koha item type Book
Call number prefix 512.2 FUL
Holdings
Withdrawn status Lost status Damaged status Not for loan Permanent Location Current Location Date acquired Total Checkouts Total Renewals Full call number Barcode Date last seen Date last checked out Price effective from Koha item type
        School of Natural Sciences (SNS) School of Natural Sciences (SNS) 05/26/2016 2 1 512.2 FUL SNS0000953 05/05/2023 04/05/2023 05/26/2016 Book
© 2023 Central Library, National University of Sciences and Technology. All Rights Reserved.